Spurious Correlations - Statistics

General Stats
  • This quiz has been taken 160 times
  • The average score is 3 of 10
Answer Stats
Question Answer % Correct
US spending on science, space and technology (0.998) Suicides by hanging, strangulation and suffocation
67%
US domestic price of uranium (0.977) Accidental poisonings by alcohol
33%
Marriage rate in New York (0.880) Murders by blunt object
33%
Number of people drowned by falling into a pool (0.667) Number of films Nicholas Cage appeared in
33%
Per capita cheese consumption (0.947) Number of people dying by becoming tangled in their bedsheets
33%
Number of people killed by dogs (0.996) Online revenue on Black Friday
33%
People who starved to death in the US (0.967) Per capita consumption of margarine in US
33%
Apple iPhone sales (0.995) People who died by falling down the stairs
0%
Bicyclists killed in collision with a stationary object (0.857) People who died by falling from a ladder
0%
Number of people killed by misusing a lawnmower (0.974) UK military defence spending
0%
No matching quizzes found
Score Distribution
Percent of People with Each Score
Percentile by Number Answered
Your Score History
You have not taken this quiz